Quiz of the World - Statistics

General Stats
  • This quiz has been taken 36 times
    18 since last reset
  • The average score is 5 of 9
Answer Stats
Fact Answer % Correct
The smallest country in the world is located entirely within another city Vatican City
94%
This country’s flag is the only one in the world that's not rectangular Nepal
88%
This country is home to the world's longest coastline Canada
82%
This country has over 7,000 islands and is the largest archipelago nation in the world Indonesia
65%
The tallest mountain in the solar system, Olympus Mons, shares its name with a several mountains the tallest being in this country Greece
59%
This country produces the most bananas globally India
47%
What is the largest country with no rivers at all Saudi Arabia
41%
This country has the highest number of official languages Bolivia
18%
This country consumes the most coffee per capita Finland
12%
No matching quizzes found
Score Distribution
Percent of People with Each Score
Percentile by Number Answered
Your Score History
You have not taken this quiz since the last reset